Statistics for Most Populous Islands - Letter N

Click here to take the quiz!

General Stats

  • This quiz has been taken 39 times
  • The average score is 3 of 6

Answer Stats

PopulationIsland% Correct
3.52 milNorth Island
97%
11.8 milNew Guinea
57%
479 kNewfoundland
54%
514 kNew Britain
31%
4.19 milNegros
23%
756 kNias
6%

Score Distribution

Percentile by Number Answered

Percent of People with Each Score

Your Score History

You have not taken this quiz